| 000 | 00700cam a2200145 4500500 | ||
|---|---|---|---|
| 005 | 20251228082839.0 | ||
| 041 | _afre | ||
| 042 | _adc | ||
| 100 | 1 | 0 |
_aRonzeaud, Pierre _eauthor |
| 245 | 0 | 0 | _aGroupe de recherches interdisciplinaires sur l’histoire du littéraire, Christian Jouhaud et Alain Viala (éd.), De la publication entre Renaissance et Lumières, Paris, Fayard, 2002. Un volume 23,4 × 15,2 cm de 368 p., avec un index des auteurs et des œuvres. |
| 260 | _c2004. | ||
| 500 | _a41 | ||
| 786 | 0 | _nDix-septième siècle | 222 | 1 | 2004-03-01 | p. 109p-148p | 0012-4273 | |
| 856 | 4 | 1 | _uhttps://shs.cairn.info/revue-dix-septieme-siecle-2004-1-page-109p?lang=fr&redirect-ssocas=7080 |
| 999 |
_c1599902 _d1599902 |
||